000 00535nam a2200205Ia 4500
005 20250326144654.0
008 250326s9999 xx 000 0 und d
020 _a81-259-1168-5
037 _aTextbook
040 _aFMSL
_beng
_cFMSL
041 _aeng
_2eng
084 _aX:8D P2;3
_qFMSL
100 _aMachiraju H R
245 0 _aIndian ficial system
_cMachiraju H R
250 _a2
260 _aNew Delhi
_bNew Delhi, Vikas House
_c2002
300 _av.
942 _cTB
_hX:8D P2;3
999 _c1304570
_d1304570